000 00678nam a22002177a 4500
003 BUBTL
008 221211b ||||| |||| 00| 0 eng d
020 _a9788126517893
082 _a801.95/ Ea38l/ 2008
100 _95044
_aEagleton, Terry
245 _aLiterary theory : an introduction/
_cTerry Eagleton
250 _a2nd Edn.
260 _aIndia:
_bWiley India Pvt. Ltd.
_cc2008.
300 _axiv, 234 p.:
_c25 cm.
500 _aIncludes Index
505 _aLiterary theory : an introduction, Terry Eagleton, English, English Literature
650 0 _91994
_aEnglish Literature
856 _k0
_l0
_yDownload
942 _2ddc
_cBK
999 _c6862
_d6862